Odborová konferencia pracovného práva a sociálneho zabezpečenia

Bibliographic Details
Main Author: Freund, Miroslav, 1932- (Author)
Format: Article
Language:Slovak
Subjects:

MARC

LEADER 00000nab a2200000 a 4500
001 vtls000173008
003 SK-MaSNL
005 20260304234836.0
008 140506c1984 xo 0 slo
015 |a SNBRB19rr/mm-uuuuu 
035 |a CL0183120 
040 |a SNKBUCL  |b slo  |c SNKBUCL  |e AACR2 
041 0 |a slo 
044 |a xo  |c SK 
080 |a 349.2:331.022:36:061.3(437)  |2 1981 
080 |a 331.022  |2 1981 
080 |a 36  |2 1981 
080 |a 061.3(437)  |2 1981 
100 1 |a Freund, Miroslav,  |d 1932-  |4 aut  |9 5420 
245 1 0 |a Odborová konferencia pracovného práva a sociálneho zabezpečenia  |c Miroslav Freund 
650 0 7 |a pracovné právo  |2 snkbucl  |9 982 
650 0 7 |a sociálna starostlivosť  |2 snkbucl  |9 3737 
655 7 |a články z novín a časopisov  |2 snkbucl  |9 267496 
773 0 |t Socialistické súdnictvo  |g Roč. 36, č. 1 (1984), s. 33-35 
850 |a Slovenská národná knižnica v Martine  |a MTA001 
852 |a SNK  |b KIS3GCP 
957 |a 3702 
958 |a RK 
992 |a RBX 
999 |c 3205839  |d 3207769